S&P 500 Companies by Logo - Statistics

General Stats
  • This quiz has been taken 103 times
  • The average score is 15 of 20
Answer Stats
Picture Answer % Correct
Amazon
98%
Apple
98%
Google
97%
Microsoft
95%
Visa
95%
Netflix
94%
Tesla
94%
Mastercard
92%
Walmart
89%
Costco
85%
Home Depot
85%
Meta
84%
Nvidia
71%
Proctor & Gamble
70%
JPMorgan Chase
61%
Berkshire Hathaway
54%
Unitedhealth Group
40%
Eli Lilly
31%
Broadcom
23%
Exxon Mobil
20%
No matching quizzes found
Score Distribution
Percent of People with Each Score
Percentile by Number Answered
Your Score History
You have not taken this quiz